[Event "Russian Championship Superfinal"]
[Site "?"]
[Date "2015.08.11"]
[Round "3.5"]
[White "Artemiev, Vladislav"]
[Black "Motylev, Alexander"]
[Result "1-0"]
[WhiteElo "2671"]
[BlackElo "2658"]
[EventDate "2015.??.??"]
[Annotator "Bojkov,Dejan"]
[PlyCount "47"]
[Beauty "8251705928232"]
[EventType "team-tourn"]
[WhiteClock "0:10:31"]
[BlackClock "0:01:49"]

{[Annotations by GM Dejan Bojkov]} 
1.d4 d5 2.c4 dxc4 {"Motylev usually chooses the Slav Defense and I did not expect the QGA. Therefore, I decided to try an off-beat line" - Artemiev} 3.e3 e5 {This is considered to be an equalizer for Black, but a lot of people like to play with the isolated pawn on d4 and go for the initiative. Obviously the young Russian is one of them.} 4.Bxc4 exd4 5.exd4 Bd6 6.Nf3 Nf6 7.O-O O-O 8.h3 {"Since if I allow the black bishop to g4 Black is absolutely fine." - Artemiev.} 8...Nc6 9.Nc3 Bf5 ( {On} 9...h6 {White wanted to play} 10.Qc2 {which creates the threat Bc1-h6 followed by Qc2-g6 (or Qc2-g6 at once.)} ( {Another possibility is} 10.a3 Bf5 11.Re1 a6 12.d5 {as in Jakovenko,D (2741)-Grischuk,A (2764) Moscow 2012} ) ) 10.Bg5 ( {Or else Black will start trading pieces with} 10.a3 Ne4 ) 10...h6 11.Bh4 g5 12.Nxg5 {"The sacrifice was very tempting and I could not withstand it." - Artemiev. It should be added that this was pure improvisation by White.} ( {All seven predecessors saw} 12.Bg3 {and the most famous one continued} 12...Bxg3 13.fxg3 Bg6 14.Ne5 Nxe5 15.dxe5 Nh5 16.Kh2 c6 17.e6 {when the former contender made a mistake:} 17...Ng7 $2 18.Qxd8 Rfxd8 19.exf7+ Kf8 20.Rf6 {and quickly lost, Liiva,R (2454)-Huebner,R (2595) Puhajarve 2013} ) 12...hxg5 13.Bxg5 Re8 {Probably the best defense, but it took Motylev a good thirty minutes on the clock.} ( {In case of} 13...Be7 {Artemiev indended to proceed with} 14.Re1 Nh7 15.Bh6 {"with a strong attack," for example} 15...Re8 $2 {loses on the spot due to} 16.Qh5 {and the f7-point is undefendable.} ) ( {For a while Motylev could not understand what is the problem in the line} 13...Kg7 14.Nd5 Be7 15.Nxe7 Nxe7 {but after} 16.Qf3 {White's initiative is worth the sacrificed material. For example} 16...Qxd4 17.Rfe1 Qxc4 18.Rxe7 {with plenty of threats.} ) 14.Qd2 {A surprising decision,and probably not the best. Both players spent most of their time calculating the line:} ( 14.Nd5 Be7 15.Nxf6+ ( {Worse is Motylev's suggestion} 15.Nxe7+ Qxe7 16.Qf3 Nxd4 17.Qf4 Qe4 18.Qxc7 {due to} 18...Ne6 $1 {and Black is better.} ) 15...Bxf6 16.Qh5 Rf8 $1 ( {Better than} 16...Be6 17.d5 Bxg5 18.dxe6 fxe6 19.f4 {when the black king is seriously exposed.} ) 17.Bh6 Qd7 {"I thought this was unclear, and I gave up this line" Artemiev. However, White can regain part of the material} 18.Bxf8 ( {Or even continue the game for the initiative with} 18.Rac1 $5 ) 18...Rxf8 19.Rad1 Kg7 {with unclear play.} ) 14...Nxd4 {Thanks to this little trick Black not only wins a pawn but manages to support the knight in the center and block the d file.} 15.Rad1 ( {It was only here that White realized that on his planned move} 15.Rfe1 Qd7 $1 ( {Black would not go} 15...Be7 $2 {Because of the nice combo} 16.Rxe7 $1 ( {Artemiev planned instead} 16.Rad1 c5 17.Rxe7 Qxe7 18.Nd5 Nxd5 19.Bxe7 Nxe7 20.Qg5+ Bg6 21.Re1 {Soon the h pawn will go forward. "It is easier to play as White, Black's king is badly weakened." Artemiev.} ) 16...Rxe7 17.Qf4 $1 {when White regains plenty of the material after} ( {Of course not} 17.Bxf6 $4 Nf3+ ) 17...Qd6 {(best)} 18.Qxd6 cxd6 19.Bxf6 Nc2 20.Bxe7 Nxa1 21.g4 {with advantage in the endgame.} ) 16.Red1 {was also mentioned in the analyzes but it leads nowhere after} ( {The main idea is that the knight is poisoned} 16.Bxf6 Nf3+ $1 17.gxf3 Bh2+ 18.Kxh2 Qxd2 {But if we proceed with this line we shall see that things are not yet clear after} 19.Rg1+ Kh7 {is the only move to play for the win and then White regains the queen with} ( {Now} 19...Kf8 {would lead to a draw after} 20.Bg7+ Ke7 21.Rae1+ Be6 22.Bf6+ $1 Kf8 23.Bg7+ Ke7 24.Bf6+ {As both} 24...Kd7 $2 ( {and} 24...Kxf6 $2 25.Ne4+ ) 25.Rd1 {lose material for Black.} ) 20.Rg7+ Kh6 21.Bg5+ Qxg5 22.Rxg5 Kxg5 {although in the arising position it is only Black who can play for the win.} ) 16...Nh7 $1 17.Qxd4 Nxg5 ( {Or even} 17...Re1+ {same motif as before. Here is a computer line for you} 18.Rxe1 Bh2+ 19.Kxh2 Qxd4 20.Bxf7+ $1 Kxf7 21.Rad1 $1 Qxf2 22.Re2 Qxe2 $1 23.Nxe2 Nxg5 {an try to calculate this...} ) ) ( 15.Qxd4 $4 Bh2+ ) 15...c5 $1 {Now Black stabilizes the situation but nothing is yet over.} 16.b4 ( {Once again Black is doing great after} 16.Rfe1 Rxe1+ 17.Rxe1 Qd7 $1 ) ( {On} 16.Nd5 {Motylev considered} 16...Ne4 $1 {with the forced line} 17.Bxd8 Nxd2 18.Nf6+ Kf8 19.Nxe8 Rxd8 ( 19...Kxe8 ) 20.Nxd6 Rxd6 21.Rxd2 Nf3+ 22.gxf3 Rxd2 {"which leads to a diffcult, probably lost endgame for White" Motylev.} ) 16...b6 17.bxc5 bxc5 18.Rfe1 Rxe1+ 19.Qxe1 {The culmination of the game.} ( {You already remember the trick} 19.Rxe1 Qd7 $1 ) 19...Be6 $2 {The problem with the defense is that one mistake is usually enough to lose the game...} ( {Instead one good way to defend was} 19...Be7 20.Qe5 Bg6 21.Re1 Nc6 22.Qg3 ( 22.Qf4 $2 Nh5 ) 22...Kg7 {where Black should be more than OK after} 23.Qh4 Ng8 $1 ) ( {Another convincing idea was} 19...Qe7 20.Qd2 Ne4 21.Bxe7 Nxd2 22.Bxf7+ {(Artemiev's choice)} 22...Kxf7 23.Bxd6 {But the position after} 23...Rg8 {favours Black. For instance, bad is} 24.Bxc5 $2 Bxh3 25.Bxd4 Rxg2+ 26.Kh1 Nf3 {and it is White who is getting checkmated for a change.} ) 20.Bxe6 fxe6 ( {Or else White regains the piece} 20...Nxe6 21.Bxf6 Qxf6 22.Rxd6 ) 21.Rxd4 $1 {Black's position collapses.} 21...Bh2+ ( {A slightly more stubborn defense was} 21...cxd4 {although here after the forced} 22.Qxe6+ Kg7 23.Nd5 Nxd5 24.Bxd8 Rxd8 25.Qg4+ Kf7 26.Qxd4 {(Motylev) White will slowly win by advancing his kingside pawns.} ) 22.Kxh2 Qxd4 23.Qxe6+ Kg7 24.Ne2 {Black resigned not waiting to see the line} ( 24.Ne2 Qxf2 25.Nf4 Rf8 26.Bxf6+ Rxf6 27.Nh5+ Kg6 28.Qxf6+ Qxf6 29.Nxf6 Kxf6 30.Kg3 ) 1-0

[Event "Russian Championship Superfinal"]
[Site "?"]
[Date "2015.08.12"]
[Round "4.6"]
[White "Svidler, Peter"]
[Black "Khismatullin, Denis"]
[Result "0-1"]
[WhiteElo "2739"]
[BlackElo "2642"]
[EventDate "2015.??.??"]
[Annotator "Bojkov,Dejan"]
[PlyCount "58"]
[Beauty "8248488668753"]
[EventType "team-tourn"]
[WhiteClock "0:20:15"]
[BlackClock "0:06:01"]

{[Annotations by GM Dejan Bojkov]} 
1.e4 c5 2.Nc3 {Svidler chose a tricky move order to avoid the Najdorf.} 2...a6 3.Nge2 d6 4.g3 g6 5.d4 cxd4 6.Nxd4 {Now things transpose into the Fianchetto System against the Dragon.} 6...Bg7 7.Bg2 Nf6 8.b3 ( {White did not achieve much after} 8.O-O O-O 9.h3 Nc6 10.Be3 Bd7 11.Nd5 Rc8 12.Nxc6 bxc6 13.Bb6 Qe8 14.Nc7 Qd8 15.Nd5 Qe8 16.Nc7 Qd8 17.Nd5 {\BD-\BD Motylev,A (2665)-Nepomniachtchi,I (2714) Jerusalem 2015} ) 8...O-O 9.Bb2 Bd7 10.Qd2 Nc6 11.Nde2 b5 12.O-O-O {Svidler explained later that he wanted to make use of the relatively slow play of his opponent on the queenside. White's idea is to jump to d5 with knight number one and use knight number two to occupy the wonderful outpost on c6 once that his brother is traded.} ( {The plan with the long castle has been seen previously in the following game:} 12.a4 b4 13.Nd1 Qc8 14.h3 h5 15.Nf4 e5 16.Ne2 Rd8 17.Ne3 Be6 18.O-O-O {Ivanov,A (2527)-Odeev,H (2461) Bled 2002} ) 12...Ng4 $1 {An important tempo-gainer. Khismatullin wants to attack as fast as possible on the queenside and does not need any distractions in the center.} 13.Rdf1 Qa5 ( {Svidler was already a bit worried about the line with the pawn sacrifice} 13...b4 14.Nd5 Bxb2+ 15.Kxb2 a5 16.h3 Nf6 $5 {Indeed, after} 17.Nxf6+ ( {Instead Svidler thought it is wiser to continue with} 17.Rd1 ) 17...exf6 18.Qxd6 a4 19.Rd1 Qa5 $1 {Black has strong attack. For example} 20.Qxd7 {loses to} ( 20.Rd5 Qa6 ) 20...axb3 21.cxb3 Qxa2+ 22.Kc1 Rfc8 {with quick mate.} ) 14.h3 Nf6 15.Kb1 b4 16.Nd1 $2 {This is already a mistake.} ( {Svidler planned instead} 16.Nd5 {but realized that his opponent has too many tempting options. For example after} 16...Nxd5 {Therefore Svidler switched to the study of the line} 17.exd5 {Now} ( {On} 17.Bxg7 {Strong is} 17...Ne3 {(Svidler)} ( {Khismatullin considered mainly} 17...Kxg7 18.exd5 Na7 {and in case of} 19.a4 {to sacrifice the bishop} 19...Bxa4 20.bxa4 ( {Here both players missed the cunning defense} 20.Qd4+ Kg8 21.Qa1 $1 ) 20...Qxa4 21.Nd4 Nb5 22.Nxb5 axb5 23.Qd4+ Kg8 24.Qb2 {Indeed, Black's attack now is decisive after} 24...Rfc8 ) 18.Bxf8 Nxf1 19.Rxf1 {although this should be equal.} ) 17...Bxb2 ( {and also} 17...Na7 {Black's attack is again very dangerous after} 18.a4 ( 18.Bxg7 Kxg7 19.c4 ( 19.a4 ) 19...bxc3 20.Qxc3+ Qxc3 21.Nxc3 Nb5 ) 18...Bxa4 19.bxa4 Qxa4 20.f4 ( {They both missed again the resource} 20.Bxg7 Kxg7 21.Qd4+ Kg8 22.Qa1 {although Black should also have an attack here.} ) 20...Nb5 21.Rf3 Rab8 {and most likely decisive.} ) 18.dxc6 Bc3 19.Nxc3 bxc3 20.Qe3 $1 ( 20.Qd4 Rac8 $1 ) 20...Be6 21.Rd1 {would be good for White but Svidler chose the other option.} ) 16...Qc7 ( {Better than} 16...Qc5 {when the queen will be exposed and White can use this with} 17.f4 a5 18.Qe3 Qb5 19.e5 {with unclear play.} ) 17.Ne3 a5 {Black's attack is now obviously faster.} 18.f4 ( 18.g4 a4 19.g5 Ne8 20.Nd5 Qa5 ( {One suggestion by the two GMs had a flow} 20...Qa7 21.Qe3 $2 {is bad due to} 21...axb3 22.Qxa7 bxc2+ {and Black wins a pawn.} ) 21.Nc1 Nc7 {Black is on top.} ) 18...a4 {True to his aggressive style, Khismatullin consistently opens the game.} 19.e5 {Svidler felt that the win of the exchange is his only chance, but this did not work well.} 19...dxe5 20.fxe5 Nxe5 21.Bxa8 Rxa8 22.Rf4 {Svidler called this move an innacuracy. But if we have to be honest, White was already in trouble. In the line:} ( 22.Qxb4 axb3 ( 22...Bc6 $1 {at once is also very good for White.} 23.Rh2 Nf3 24.Rhf2 Rb8 ) 23.axb3 {Black has the strong idea} 23...Bc6 $1 {(Svidler) after which he regains the exchange and continues the attack for free:} ( 23...Qa7 {should be also good for strong attack as on} 24.Nd4 {there is} 24...Qa2+ 25.Kc1 Rc8 {with the fork threat.} 26.Rd1 Bh6 {with total domination of the black pieces.} ) 24.Rh2 Nf3 25.Rhf2 Rb8 {Black is close to winning.} ) 22...axb3 ( {Even better than} 22...Bc6 23.Rd1 axb3 24.axb3 Qa7 {although here too, Black has awesome position.} ) 23.axb3 {This leads to a beautiful finish. The only attempt to defend was connected with the move:} ( 23.cxb3 {although here as well Black has tremendous attack, for example} 23...Bc6 24.Rc1 {And now not} 24...Be4+ ( {Now} 24...Qa5 {is not fully convincing not because of} 25.Bxe5 ( {But because of} 25.a4 $1 {and White somehow holds.} ) 25...Ne4 $1 {(Svidler)} ) ( 24...Qa7 $1 {is strong though with decisive attack after} 25.a4 bxa3 $1 26.Bxe5 Ne4 $3 27.Qd4 Bxe5 28.Qxe5 ( {Or lost endgame in the line} 28.Qxa7 Rxa7 29.Ka2 Bxf4 ) 28...Qxe3 ) 25.Rxe4 Nxe4 26.Qxb4 {when White hopes for survival.} ( 26.Qd5 $2 Qa7 ) ) 23...Qa7 24.Nd4 ( {It was only here that Svidler realized that against the planned defense} 24.Nc1 {Black has the amazing} 24...Ne4 $1 25.Rxe4 Nc4 $3 26.Nxc4 Qa1+ 27.Bxa1 Rxa1# ) 24...Nh5 $1 {Suddenly it is over. White loses loads of material.} 25.Nd5 ( 25.Rf2 Nxg3 26.Rd1 Ne4 ) 25...Bc6 26.Nxc6 {Svidler allows the mate in the spirit of the old masters.} 26...Qa2+ 27.Kc1 Qa1+ $3 28.Bxa1 Rxa1+ 29.Kb2 Nc4# {Once more Denis Khismatullin shows class!} 0-1

[Event "Russian Championship Superfinal"]
[Site "?"]
[Date "2015.08.17"]
[Round "8.6"]
[White "Motylev, Alexander"]
[Black "Khismatullin, Denis"]
[Result "0-1"]
[WhiteElo "2658"]
[BlackElo "2642"]
[EventDate "2015.??.??"]
[Annotator "Bojkov,Dejan"]
[PlyCount "80"]
[Beauty "7633230639144"]
[EventType "team-tourn"]
[WhiteClock "0:31:12"]
[BlackClock "0:32:34"]

{[Annotations by GM Dejan Bojkov]} 
1.e4 c5 2.Nf3 d6 3.d4 cxd4 4.Nxd4 Nf6 5.Nc3 a6 6.Bg5 Nbd7 {"Alexander is a famous specialist when playing against Najdorf, but today I got lucky and managed to use my round one preparation for Sergey Karjakin." - Khismatullin.} 7.Bc4 h6 8.Bh4 g6 {"A relatively fresh idea that has been seen in correspondence games, but not in top-level over-the-board" - Khismatullin.} ( {Instead} 8...Ne5 9.Bb3 g5 10.Bg3 e6 11.h4 Rg8 12.hxg5 hxg5 13.Nf3 {was the course of Shirov,A (2732)-Ibrahimov,R (2543) Villarrobledo 2009} ) 9.Qe2 Bg7 10.O-O-O ( {It is important that} 10.Bxf7+ {does not work due to} 10...Kxf7 11.Qc4+ d5 {(Khismatullin).} ) 10...O-O 11.f4 Qc7 {Stops e4-e5 and prepares e7-e5.} 12.f5 {"A contraversial decision, but since this was the first choice of the computer I was prepared for it" - Khismatullin.} ( {All predecessors continued} 12.Nf3 {one example goes} 12...Nb6 13.Bb3 Bg4 14.h3 Bxf3 15.Qxf3 Nbd7 16.g4 {with sharp play in Lampert,J (2454)-Cebalo,M (2379) Bad Woerishofen 2015} ) 12...g5 {It seems as this pawn will be a good hook for the White's attack but in reality Black's play is easier.} 13.Bg3 b5 14.Bb3 Bb7 15.h4 g4 {The point behind Black's play and a typical Dragon idea. Black may even sacrifice this pawn later if needed. The most important thing is to keep the files closed.} 16.h5 {Khismatullin did not like this move either and suggested some central play instead with either} ( 16.Rhe1 ) ( {or the prophylactic} 16.Kb1 ) 16...Nc5 17.e5 {Practically forced. After} ( 17.Bd5 $6 b4 $1 {and Black's attack is too strong:} 18.Bxb7 bxc3 19.Bxa8 cxb2+ ) ( {Perhaphs} 17.Nd5 {was better, although it would allow the move} 17...Nxb3+ 18.axb3 Bxd5 19.exd5 {The position is very complex, and I suspect this was White's best bet. In the line} 19...Nxd5 {White should go for the tricky} ( 19...Rac8 $5 ) 20.Ne6 Qa5 21.Rxd5 Qa1+ 22.Kd2 Qxh1 23.Nxg7 $1 Kxg7 24.f6+ $1 exf6 ( 24...Kxf6 $2 25.Be5+ $3 {might end badly for Black.} ) 25.Qxg4+ Kh7 26.Qf5+ Kg7 27.Qg4+ {with perpetual.} ) 17...dxe5 18.Bxe5 Qb6 {The queen prepares the queenside attack and keeps an eye on the other wing.} 19.Rh4 {Motylev decides to sacrifice the exchange in order to reach the black king.} ( {Parting with the dark-squared bishop cannot be good for White:} 19.Bxf6 Qxf6 ( 19...Bxf6 {is also good} 20.Qxg4+ Kh8 ( {The move} 20...Kh7 {is possible as well as the trick} 21.Bxf7 $2 {fails to the in-between check} 21...Bg5+ ) ) 20.Qxg4 Rfd8 {Black controls the board.} ) ( {Black also has very clear play after} 19.Rhe1 Rad8 ) 19...Kh7 20.Rxg4 {The point. White's attack evaporates after} ( 20.Bxf6 Bxf6 21.Rxg4 b4 ( 21...Rad8 $5 ) 22.Na4 Nxa4 23.Bxa4 Rad8 {with clear edge for Black thanks to his awesome bishops.} ) 20...Nxg4 21.Bxg7 Kxg7 ( {A bit more precise was} 21...Nxb3+ {as if White recaptures with the knight} 22.Nxb3 {Black can trade queens} ( 22.axb3 Rg8 $1 {repels the attack and will leave Black winning after} 23.f6 Nxf6 24.Bxh6 Kxh6 25.Qxe7 Rae8 26.Qxf7 Bc8 ) 22...Qe3+ 23.Qxe3 Nxe3 {with winning endgame for Black.} ) 22.Qxg4+ Kh8 23.Qe2 ( 23.Qf4 Qf6 {will create the threat e7-e5 and White will have no time to consolidate (Khismatullin).} ) 23...Nxb3+ 24.Nxb3 Qf6 25.Na5 ( {White cannot afford to grab pawns} 25.Rd7 Bc6 26.Rxe7 {as then Black can swap off rooks with} 26...Rfe8 27.Rxe8+ Rxe8 28.Qf2 Re5 29.g4 Qg5+ {Almost all endgames are easily won for the second player.} ) 25...Qg5+ ( {One more precision was mentioned by Khismatullin} 25...b4 $1 {depriving the knight of the d1 square} 26.Na4 Qg5+ 27.Rd2 Bd5 $1 {which would have transposed to the game.} ) 26.Rd2 b4 27.Na4 ( 27.Nd1 {was White's last chance to try and cement the position by transferring the knight from a5 to e3, although Black should be close to winning here as well.} ) 27...Bd5 $1 {Now the white knights are horrible.} 28.c4 ( {The bishop is untouchable due to the pin:} 28.Qe5+ f6 29.Qxd5 Rad8 ) 28...bxc3 29.Nxc3 Rac8 {Once that the rooks occupy the open files game would be over.} 30.Kd1 Rfd8 31.Ke1 {Once again the bishop is untouchable.} ( 31.Rxd5 Rxd5+ 32.Nxd5 Rc1# ) ( 31.Nxd5 Rxd5 32.Nb3 Qxf5 ) 31...Qh4+ 32.Qf2 Qh1+ 33.Qf1 Qxf1+ {Well calculated by Black. The endgame is won by force.} 34.Kxf1 Bxa2 $1 {Wins the pawn back. The rest was easy for Khismatullin.} 35.Rxd8+ Rxd8 36.Nc6 ( 36.Nxa2 Rd1+ 37.Ke2 Ra1 ) 36...Bc4+ 37.Ke1 Rd3 38.Kf2 Rd2+ 39.Ke3 Rxb2 40.Ne5 Bb3 0-1